LIBRARY & INFORMATION CENTRE, KCAET, TAVANUR

ONLINE PUBLIC ACCESS CATALOGUE (OPAC)

Theory of Structures (Record no. 14712)

MARC details
000 -LEADER
fixed length control field 00374nam a22001457a 4500
082 ## - DEWEY DECIMAL CLASSIFICATION NUMBER
Classification number 624.171
Item number RAM/TH
100 ## - MAIN ENTRY--AUTHOR NAME
Personal name Ramamrutham S
100 ## - MAIN ENTRY--AUTHOR NAME
Personal name Narayan R.
245 ## - TITLE STATEMENT
Title Theory of Structures
250 ## - EDITION STATEMENT
Edition statement 9
260 ## - PUBLICATION, DISTRIBUTION, ETC. (IMPRINT)
Place of publication New Delhi
Name of publisher Dhanpat Rai Publishing Company (P) Ltd
Year of publication 2013
300 ## - PHYSICAL DESCRIPTION
Number of Pages 1272
500 ## - GENERAL NOTE
General note New, Revised and Enlarged Edition
942 ## - ADDED ENTRY ELEMENTS (KOHA)
Koha item type Book Bank scheme for SC students
Holdings
Withdrawn status Lost status Damaged status Collection code Home library Current library Shelving location Date acquired Source of acquisition Cost, normal purchase price Full call number Accession Number Koha item type
        KAUAET KAUAET Scheme 20/08/2016 Calicut Book Daistributors, Calicut. 640.00 624.171 RAM/TH BB 265 Book Bank scheme for SC students
      General Books KAUAET KAUAET Scheme 27/07/2020 Aman Book stall 715.00 624.171 RAM/TH BB 559 Book Bank scheme for SC students
      General Books KAUAET KAUAET Scheme 27/07/2020 Aman Book stall 715.00 624.171 RAM/TH BB 560 Book Bank scheme for SC students
free website counter